NBA general knowledge Medium - Statistics

General Stats
  • This quiz has been taken 125 times
  • The average score is 6 of 15
Answer Stats
Hint Answer % Correct
how many nba players have won rookie of the year and MVP in the same season 2
100%
who drafted Kobe Bryant Charlotte Hornets
72%
what NBA player had the most points in 1 quarter Klay Thompson
62%
how many did he have in that quarter 37
60%
what was Michael Jordan's vertical in inches 48
52%
who is the shortest NBA player to ever win a scoring title Allen Iverson
52%
what nba player is known as Agent 0 Gilbert Arenas
45%
most fouls committed in an NBA game 7
42%
what NBA player has more than 7 all star appearances without an MVP vote (active) Kyrie Irving
26%
what nba player has 10 rings Sam Jones
24%
what NBA team came out on top in the highest scoring game ever Detroit Pistons
19%
what NBA player won the first ever scoring title Joe Fulks
16%
oldest player to win a title Robert Parish
13%
nickname for the dunk Vince Carter did in the Olympics when he jumped over a player Dunk of Death
12%
who is the tallest NBA player to never dunk in a game Steve Novak
1%
No matching quizzes found
Score Distribution
Percent of People with Each Score
Percentile by Number Answered
Your Score History
You have not taken this quiz